Normal view
MARC view
- صبيح، نبيل أحمد عامر
Entry Personal Name
001 - CONTROL NUMBER
- control field: 39347
003 - CONTROL NUMBER IDENTIFIER
- control field: JO-AjAnu
005 - DATE AND TIME OF LATEST TRANSACTION
- control field: 20230606080538.0
008 - FIXED-LENGTH DATA ELEMENTS
- fixed length control field: 230606|| aca||aabn | a|a d
040 ## - CATALOGING SOURCE
- Original cataloging agency: JO-AjAnu
- Transcribing agency: JO-AjAnu
100 ## - HEADING--PERSONAL NAME
- Personal name: صبيح، نبيل أحمد عامر
670 ## - SOURCE DATA FOUND
- Source citation: Work cat.: (JO-AjAnu)20178: صبيح، نبيل أحمد عامر, author, دراسات وبحوث في محو الأمية وتعليم الكبار